The history of the Buddha's religion : (Record no. 147438)

MARC details
000 -LEADER
fixed length control field 00587nam a22001817a 4500
005 - DATE AND TIME OF LATEST TRANSACTION
control field 20181219110323.0
010 ## - LCCN (DPL NO)
LC control number ENG-121405
020 ## - INTERNATIONAL STANDARD BOOK NUMBER
International Standard Book Number 9789380336831
Terms of availability 400.00
035 ## - SYSTEM CONTROL NUMBER
System control number EN-104937
037 ## - SOURCE OF ACQUISITION
Source of stock number/acquisition DBAD/PUB
082 ## - DEWEY DECIMAL CLASSIFICATION NUMBER
Classification number 250
245 ## - TITLE STATEMENT
Title The history of the Buddha's religion :
Statement of responsibility, etc transleted by Bimla Churan Law
Remainder of title sasanavamsa /
260 ## - PUBLICATION, DISTRIBUTION, ETC. (IMPRINT)
Place of publication, distribution, etc Kolkata
Name of publisher, distributor, etc Maha bodhi book agency
Date of publication, distribution, etc 2014
270 ## - ADDRESS
Address 4A, Bankim Chatterjee treet , College Square
City Kolkata
Postal code 700009
300 ## - PHYSICAL DESCRIPTION
Extent xvii,174p.
Dimensions 23cm(Hb)
700 ## - ADDED ENTRY--PERSONAL NAME
Personal name Law,Bimla Churan
942 ## - ADDED ENTRY ELEMENTS (KOHA)
Source of classification or shelving scheme Dewey Decimal Classification
Item type English Books
Classification part 250
Call number suffix HIS
Holdings
Withdrawn status Lost status Not for loan Collection code Home library Current library Date acquired Source of acquisition Cost, normal purchase price Full call number Barcode Copy number Cost, replacement price Koha item type
    Not For Loan Non-fiction D.B.Act.Division Bawana 15/11/2017 DBAD/PUB 400.00 250 HIS EN-104937 1 400.00 English Books

© Delhi Public Library
Hit Counter
free hit counter